1058 1832 1678 1915 1797 1482 1502 1340 1937 1731 1393 1526 1852 1319 1738 1108 1370 1115 1817 1286 1511 1539 1628 1733 1884 1668 1938 1660 1374 1931 1093 1908 1979 1512 1053 1409 1566 1578 1828 1758 1774 1989 1619 1501 1627 1104 1470 1184 1035 1243 1495 1655 1600 1254 1543 1139 1437 1027 1776 1048 1961 1122 1165 1879 1003 1291 1774 1559 1178 1801 1825 1037 1067 1318 1594 1244 1520 1985 1674 1887 1985 1175 1124 1131 1547 1023 1872 1633 1126 1782 1318 1276 1393 1523 1123 1745 1589 1866 1654 BCNSPRNW ULIB Ver.6.0+V

เปลี่ยนเป็นภาษาไทย

Change to English
 แสดงรายละเอียดบรรณานุกรม
  กลับหน้าหลัก

Brief Record : Get Marc (ISO 2709) : E-mail record : QR code < ปิดหน้าต่าง
LEADER : 00000nam 2200000uu 4500
001    13399121069
003     ULIB
008    121101s2550||||th 000 0 tha d
020    ^a9789742131302
050  4 ^aHA32^bย351ว ล.3
100 0  ^aยุทธ ไกยวรรณ์
245 10 ^aวิเคราะห์ข้อมูลวิจัย 3 =^bStep by step SPSS 3 /^cยุทธ ไกรวรรณ์
246 31 ^aStep by step SPSS 3
260    ^aกรุงเทพฯ :^bศูนย์สื่อเสริมกรุงเทพ,^c2550
300    ^a162 หน้า :^bภาพประกอบ ;^c26 ซม.
650  4 ^aเอสพีเอสเอส (โปรแกรมคอมพิวเตอร์)
650  4 ^aเอสพีเอสเอสสำหรับวินโดวส์
650  4 ^aสถิติ^xการประมวลผลข้อมูล
650  4 ^aสถิติ^xโปรแกรมคอมพิวเตอร์
945    ^p125^l0^i15101
995    ^aทศพร
999    ^aทศพร เกษรทอง
รายการนี้ยังไม่มีแท็ก
คุณยังไม่ได้ล็อกอิน คุณสามารถมีกิจกรรมร่วมกับเว็บไซต์ได้ แต่ต้องล็อกอินก่อน ::
  ล็อกอิน

รายการสื่อสารสนเทศ

ลำดับที่ ประเภท เลขเรียก/บาร์โค้ด สถานที่ สถานะ
1. วิทยาศาสตร์การแพทย์ และสุขภาพ
วิทยาศาสตร์การแพทย์ และสุขภาพ
HA32 ย351ว ล.3 ฉ.1 
  Barcode: 15101
ห้องสมุดวิทยาเขตสวรรค์ประชารักษ์
►หนังสือทั่วไป
บนชั้น

รายการใกล้เคียง
    ผู้แต่ง [ยุทธ ไกยวรรณ์]

    หัวเรื่อง [เอสพีเอสเอส (โปรแกรมคอมพิวเตอร์)]
    หัวเรื่อง [เอสพีเอสเอสสำหรับวินโดวส์]

BibComment


ยังไม่เคยถูกคอมเมนท์

คอมเมนท์ทรัพยากรรายการนี้
  คอมเมนท์: วิเคราะห์ข้อมูลว..


 Copyright 2026. Bcnsprnw @Library